Metodologías convergentes e historia social del cambio tecnológico en la agricultura
Gespeichert in:
| 1. Verfasser: | |
|---|---|
| Format: | Unbekannt |
| Sprache: | English |
| Veröffentlicht: |
Costa Rica :
Universidad Nacional. Instituto Panamericano de Geografía e Historia
|
| Tags: |
Tag hinzufügen
Keine Tags, Fügen Sie den ersten Tag hinzu!
|
MARC
| LEADER | 00000 a2200000 04500 | ||
|---|---|---|---|
| 001 | 40179 | ||
| 003 | |||
| 008 | 050623s2001 cr eng d | ||
| 040 | |||
| 020 | |a 9968-752-15-0 | ||
| 022 | |a 9968-752-15-0 | ||
| 090 | |a 0001 S192m | ||
| 100 | |a Samper Kutschbach, Mario | ||
| 245 | |a Metodologías convergentes e historia social del cambio tecnológico en la agricultura | ||
| 260 | |a Costa Rica : |b Universidad Nacional. Instituto Panamericano de Geografía e Historia | ||
| 300 | |a 223 páginas | ||
| 999 | |c 17196 |d 17196 | ||



